=LDR 00000nam 2200000 4500 =001 INLIS000000000040542 =005 20130612150115 =008 ***********************************Ind** =035 ##$$0010-061300000040542 =041 ##$$a Ind =082 ##$$a 028.5 =090 ##$$a 028.5 , Hal k =100 ##$$a HALIM, Masium =245 ##$$a Kisah Tokoh Islam , Thariq bin Ziyad Membakar kapal , Masim Halim =260 ##$$a 2010 $b Jakarta =300 ##$$a 16 hlm. , ilus , 18 cm =650 ##$$a BACAAN KANAK-KANAK =850 ##$$a NBPNMAT =990 ##$$a 77247724 =990 ##$$a 01201707724